000 01205nam a2200301 i 4500
003 DO-SdBNP
005 20250425101447.0
007 ta
008 250425b2010 cu a|||| |||| 00| 0 spa d
020 _a9789592113428
040 _aDO-SdBNP
_bspa
_cBNPHU
_erda
082 4 _222
_axxx
_bxxx
100 _aZaldívar Diéguez, Andrés,
_eautor
_4aut.
_96068
245 1 _aUna fascinante historia :
_bla conspiración trujillista /
_cAndrés Zaldívar Diéguez, Pedro Etcheverry Vázquez ; edición, Sergio Ravelo López ; corrección, Olga M. López Gancedo
264 4 _aLa Habana, Cuba :
_bEditorial Capitán San Luis,
_c©2010.
300 _a239 páginas :
_bilustraciones ;
_c21 cm.
336 _atexto
_btxt
_2rdacontent
337 _asin mediación
_bn
_2rdamedia
338 _avolumen
_bnc
_2rdacarrier
500 _aIncluye referencias bibliográficas y notas al pie de las páginas
504 _aBibliografía : página 227-239
590 _aInventariado, 2025/BT
700 1 _aEtcheverry Vázquez, Pedro,,
_eautor
_4aut.
_962665
700 1 _aRavelo López, Sergio,,
_eeditor
_4ed.
_987527
700 1 _aLópez Gancedo, Olga M.,,
_ecorrector
_4corr.
_987528
910 _aBtavárez
942 _2ddc
_cLBS1
999 _c58800
_d58800